[Event "DVM U14w 2010"]
[Site "Templin OT Groß Dölln GER"]
[Date "2010.12.29"]
[Round "5"]
[White "Krißmer, Maria"]
[Black "Triantafillidis, Katherina"]
[Result "0-1"]
[Termination "normal"]
[Board "6.3"]
[WhiteElo "800"]
[BlackElo "1239"]
[WhiteTeam "SK Freiburg-Zähringen 1887 e.V."]
[BlackTeam "SF Heilbronn-Biberach"]
[PlyCount "107"]
[BlackFideId "24692409"]
[EventCountry "GER"]
[EventRounds "7"]
[EventType "team-swiss"]
[EventDate "2010.12.26"]

1. e4 {[%emt 0:00:00]} e5 2. Nf3 Nc6 3. Nc3 Nf6 4. Bb5 d6 5. d3 Bg4 6. Bg5 Be7
7. Nd5 O-O 8. Bxc6 bxc6 9. Nxe7+ Qxe7 10. O-O Rad8 11. h3 Bh5 12. Qd2 Rfe8 13.
Qe3 a6 14. Nd2 d5 15. d4 exd4 16. Qxd4 dxe4 17. Qe3 h6 18. Bxf6 Qxf6 19. Nxe4
Qxb2 20. c3 Bg6 21. f3 f5 22. Qf2 Qb6 23. Qxb6 cxb6 24. Nf2 Re2 25. Rfe1 Rdd2
26. Rxe2 Rxe2 27. Kf1 Rc2 28. Nd1 Bf7 29. Ne3 Rxc3 30. Nxf5 Ra3 31. Ne7+ Kf8
32. Nxc6 Rxa2 33. Rb1 b5 34. Nb4 Bc4+ 35. Ke1 Rxg2 36. Rd1 Re2+ 37. Kf1 Rd2+
38. Ke1 Rxd1+ 39. Kxd1 a5 40. Na6 Ke7 41. Nc5 a4 42. Kc2 Kd6 43. Ne4+ Kd5 44.
Nc3+ Kd4 45. Kd2 a3 46. Kc2 b4 47. Ne4 b3+ 48. Kb1 Bd3+ 49. Ka1 b2+ 50. Ka2
b1=Q+ 51. Kxa3 Bxe4 52. fxe4 Kxe4 53. h4 h5 54. Ka4 0-1

[Event "DVM U14w 2010"]
[Site "Templin OT Groß Dölln GER"]
[Date "2010.12.29"]
[Round "5"]
[White "Graf, Janine"]
[Black "Atabay, Hatun"]
[Result "1-0"]
[Termination "normal"]
[Board "6.4"]
[WhiteElo "756"]
[BlackElo "800"]
[WhiteTeam "SF Heilbronn-Biberach"]
[BlackTeam "SK Freiburg-Zähringen 1887 e.V."]
[PlyCount "37"]
[BlackFideId "12929603"]
[EventCountry "GER"]
[EventRounds "7"]
[EventType "team-swiss"]
[EventDate "2010.12.26"]

1. e4 e5 2. Nf3 Nc6 3. Nc3 Bc5 4. Bc4 Nf6 5. d3 O-O 6. Be3 Bb4 7. Qd2 d6 8.
O-O-O Bg4 9. h3 Bxf3 10. gxf3 d5 11. Bb3 d4 12. Rhg1 dxe3 13. Qxe3 h6 14. Qxh6
g6 15. Rg2 Ne7 16. Rdg1 Bxc3 17. Rxg6+ Nxg6 18. Qxg6+ Kh8 19. Qg7# 1-0

[Event "DVM U14w 2010"]
[Site "Templin OT Groß Dölln GER"]
[Date "2010.12.29"]
[Round "5"]
[White "Reksten, Anne"]
[Black "Bork, Sophie"]
[Result "1/2-1/2"]
[Termination "normal"]
[Board "7.1"]
[WhiteElo "1341"]
[BlackElo "1196"]
[WhiteTeam "SG Porz"]
[BlackTeam "SV Welper 1922"]
[PlyCount "87"]
[WhiteFideId "24692778"]
[BlackFideId "12905429"]
[EventCountry "GER"]
[EventRounds "7"]
[EventType "team-swiss"]
[EventDate "2010.12.26"]

1. c4 e5 2. g3 Nf6 3. Bg2 c6 4. d4 exd4 5. Qxd4 d5 6. cxd5 cxd5 7. Nf3 Nc6 8.
Qd1 Bc5 9. a3 O-O 10. b4 Bb6 11. Bb2 Be6 12. Nc3 Qd7 13. h3 Rad8 14. Na4 Ne4
15. Nxb6 axb6 16. e3 Qd6 17. g4 Qe7 18. Nd4 Qh4 19. Bxe4 dxe4 20. Qc2 Rfe8 21.
Ke2 Bd7 22. Rad1 Nxd4+ 23. Bxd4 Bb5+ 24. Ke1 Rc8 25. Qb2 Bd3 26. Rd2 Qh6 27. f4
Qh4+ 28. Kd1 Qg3 29. Rf2 Rc2 30. Rxc2 Bxc2+ 31. Kc1 Rc8 32. Bc3 Bd3 33. Qd2 Qf3
34. Rd1 Qxh3 35. g5 h5 36. gxh6 Qxh6 37. Rg1 g6 38. Kb2 Qh4 39. Qg2 Rxc3 40.
Kxc3 Qf6+ 41. Kb3 Qe6+ 42. Kc3 Qf6+ 43. Kb3 Qe6+ 44. Kc3 1/2-1/2

[Event "DVM U14w 2010"]
[Site "Templin OT Groß Dölln GER"]
[Date "2010.12.29"]
[Round "5"]
[White "Hütte, Sarah"]
[Black "Gadschisade, Natawan"]
[Result "0-1"]
[Termination "normal"]
[Board "7.2"]
[WhiteElo "889"]
[BlackElo "1179"]
[WhiteTeam "SV Welper 1922"]
[BlackTeam "SG Porz"]
[PlyCount "110"]
[WhiteFideId "12929611"]
[BlackFideId "12929565"]
[EventCountry "GER"]
[EventRounds "7"]
[EventType "team-swiss"]
[EventDate "2010.12.26"]

1. c4 Nf6 2. Nc3 e6 3. g3 d5 4. cxd5 exd5 5. e3 Bf5 6. Bg2 c6 7. Nge2 Qd7 8.
O-O Bh3 9. Nf4 Bxg2 10. Kxg2 Bd6 11. Qe2 Na6 12. b3 O-O 13. Bb2 Rfe8 14. Qf3
Nc5 15. Rab1 Nce4 16. Qd1 Ng5 17. h4 Bxf4 18. hxg5 Bxg5 19. Rh1 d4 20. Ne2 dxe3
21. dxe3 Qxd1 22. Rbxd1 Ng4 23. Bc1 Re6 24. Nd4 Rh6 25. Rxh6 Bxh6 26. Nf5 Bg5
27. Rd4 Nh6 28. Nd6 Rd8 29. Bb2 Bf6 30. Nxb7 Bxd4 31. Nxd8 Bxb2 32. Nxc6 a6 33.
Nb4 a5 34. Nc6 Bc3 35. a3 Nf5 36. b4 a4 37. Kf3 Nd6 38. Ke2 Nb5 39. Kd3 Be1 40.
Kc2 Nxa3+ 41. Kb2 Nc4+ 42. Ka2 Bxf2 43. g4 Bxe3 44. Ne7+ Kf8 45. Nd5 Bg1 46. g5
Ne3 47. Nc3 Ke7 48. Nxa4 h6 49. gxh6 gxh6 50. Kb3 h5 51. b5 Nf5 52. Kc4 Nd6+
53. Kb4 Nxb5 54. Kxb5 h4 55. Nb6 Bxb6 0-1

[Event "DVM U14w 2010"]
[Site "Templin OT Groß Dölln GER"]
[Date "2010.12.29"]
[Round "5"]
[White "Lütje, Melanie"]
[Black "Marx, Jasmin"]
[Result "1/2-1/2"]
[Termination "normal"]
[Board "7.3"]
[WhiteElo "911"]
[BlackElo "1136"]
[WhiteTeam "SG Porz"]
[BlackTeam "SV Welper 1922"]
[PlyCount "58"]
[BlackFideId "12929620"]
[EventCountry "GER"]
[EventRounds "7"]
[EventType "team-swiss"]
[EventDate "2010.12.26"]

1. e4 {[%emt 0:00:00]} d5 2. exd5 Qxd5 3. Nc3 Qa5 4. d4 c6 5. Bd2 Qc7 6. Nf3
Nf6 7. Bd3 Bg4 8. h3 Bh5 9. Qe2 e6 10. O-O Bd6 11. Rfe1 O-O 12. Ne4 Be7 13.
Nxf6+ Bxf6 14. Qe4 Bg6 15. Qe3 Nd7 16. Bxg6 hxg6 17. Ng5 Rfe8 18. Qe4 c5 19. d5
Nf8 20. c3 Qd6 21. c4 exd5 22. Qxd5 Qxd5 23. cxd5 Rxe1+ 24. Rxe1 Rd8 25. Bf4
Rxd5 26. Ne4 Bd8 27. Nc3 Rd4 28. Be3 Rc4 29. Rd1 Ne6 1/2-1/2

[Event "DVM U14w 2010"]
[Site "Templin OT Groß Dölln GER"]
[Date "2010.12.29"]
[Round "5"]
[White "Schaller, Bettina"]
[Black "Siegel, Aurelia"]
[Result "1-0"]
[Termination "normal"]
[Board "7.4"]
[WhiteElo "975"]
[BlackElo "800"]
[WhiteTeam "SV Welper 1922"]
[BlackTeam "SG Porz"]
[PlyCount "85"]
[WhiteFideId "12929638"]
[BlackFideId "12929581"]
[EventCountry "GER"]
[EventRounds "7"]
[EventType "team-swiss"]
[EventDate "2010.12.26"]

1. d4 d5 2. Bf4 Bf5 3. e3 Nf6 4. Nf3 e6 5. c3 Bd6 6. Bd3 Bxd3 7. Qxd3 O-O 8.
O-O Bxf4 9. exf4 Nbd7 10. Ne5 Nxe5 11. fxe5 Nd7 12. Nd2 c5 13. Nf3 h6 14. Qb5
b6 15. Rfe1 Qc7 16. Qe2 Rfe8 17. Rac1 Rac8 18. Qd2 c4 19. Qf4 b5 20. b4 cxb3
21. axb3 a5 22. b4 axb4 23. cxb4 Qb6 24. Rxc8 Rxc8 25. Rc1 Rc4 26. Rb1 Qc6 27.
h3 Nb6 28. Kh2 Rc2 29. Qh4 Rc1 30. Rxc1 Qxc1 31. Qd8+ Kh7 32. Qxb6 Qc4 33. Qc5
Qd3 34. Qe7 Qb3 35. Qxf7 Qxb4 36. Qxe6 Qc4 37. Qf5+ Kg8 38. e6 Qc7+ 39. g3 Qe7
40. Qxd5 b4 41. Nh4 Kf8 42. Nf5 Qf6 43. e7+ 1-0

[Event "DVM U14w 2010"]
[Site "Templin OT Groß Dölln GER"]
[Date "2010.12.29"]
[Round "5"]
[White "Wulf, Constanze"]
[Black "Braun, Kristin"]
[Result "1/2-1/2"]
[Termination "normal"]
[Board "8.1"]
[WhiteElo "1238"]
[BlackElo "1447"]
[WhiteTeam "SAV Torgelow"]
[BlackTeam "SC Uttenreuth"]
[PlyCount "110"]
[WhiteFideId "24692379"]
[BlackFideId "24656534"]
[EventCountry "GER"]
[EventRounds "7"]
[EventType "team-swiss"]
[EventDate "2010.12.26"]

1. d4 {[%emt 0:00:00]} Nf6 2. Bf4 g6 3. e3 Bg7 4. Nf3 d6 5. Be2 O-O 6. h3 Bf5
7. O-O Nbd7 8. c3 Nb6 9. Re1 Re8 10. Bd3 Ne4 11. Nbd2 Nxf2 12. Kxf2 Bxd3 13. e4
e5 14. Bg5 Bf6 15. Be3 exd4 16. Bxd4 Bxd4+ 17. cxd4 d5 18. exd5 Qxd5 19. Qb3
Qxb3 20. Nxb3 Nc4 21. Rad1 Rxe1 22. Nxe1 Bf5 23. Rc1 Be6 24. Nd3 c6 25. Nbc5
Na5 26. b4 Bxa2 27. bxa5 b6 28. axb6 axb6 29. Nd7 Rd8 30. Nxb6 Rxd4 31. Ke3 Rd6
32. Nc4 Re6+ 33. Kd2 Re4 34. Nce5 Bd5 35. Nxc6 Kg7 36. Rc5 Be6 37. Re5 Ra4 38.
Re2 Bd5 39. Ncb4 Bc4 40. Kc3 Bb5 41. Ra2 Rxa2 42. Nxa2 Bc6 43. g3 Kf6 44. Kd4
Kf5 45. Nab4 Bg2 46. Nf2 Bxh3 47. Nxh3 Kg4 48. Nf2+ Kxg3 49. Ke3 h5 50. Nbd3 f5
51. Nf4 g5 52. Nxh5+ Kh4 53. Ng7 f4+ 54. Kf3 g4+ 55. Nxg4 Kg5 1/2-1/2

[Event "DVM U14w 2010"]
[Site "Templin OT Groß Dölln GER"]
[Date "2010.12.29"]
[Round "5"]
[White "Michalowski, Melina"]
[Black "Schünemann, Anne"]
[Result "1-0"]
[Termination "normal"]
[Board "8.2"]
[WhiteElo "1109"]
[BlackElo "1068"]
[WhiteTeam "SC Uttenreuth"]
[BlackTeam "SAV Torgelow"]
[PlyCount "143"]
[WhiteFideId "12902462"]
[EventCountry "GER"]
[EventRounds "7"]
[EventType "team-swiss"]
[EventDate "2010.12.26"]

1. d4 d5 2. c4 c6 3. e3 Nf6 4. Nc3 e6 5. cxd5 cxd5 6. Bd3 a6 7. Nf3 Nc6 8. e4
Bb4 9. e5 Ne4 10. Bd2 Bxc3 11. Bxc3 Nxc3 12. bxc3 b5 13. O-O O-O 14. Nd2 f5 15.
Qh5 Qe8 16. Qxe8 Rxe8 17. f4 Bd7 18. Nb3 Rab8 19. Nc5 Bc8 20. a3 a5 21. Rfb1 b4
22. cxb4 axb4 23. axb4 Rxb4 24. Rxb4 Nxb4 25. Ra8 Nxd3 26. Nxd3 Kf7 27. Nc5 h6
28. Ra7+ Re7 29. Rxe7+ Kxe7 30. Kf2 Kd8 31. Ke3 Kc7 32. Kd3 Kb6 33. Kc3 Kb5 34.
h3 Ba6 35. Nxe6 g6 36. Nc5 Bc8 37. Nd3 Kc6 38. Nf2 Kd7 39. g4 Ke7 40. gxf5 Bxf5
41. h4 Ke6 42. Kb4 Ke7 43. Kc5 Ke6 44. Kc6 Bc2 45. Ng4 Ba4+ 46. Kc5 Bc2 47.
Nxh6 Be4 48. Ng4 Bf3 49. Nh2 Bh5 50. Nf1 Be2 51. Nd2 Bd3 52. Nf3 Bc4 53. Ng5+
Kd7 54. Kb4 Kc6 55. Kc3 Ba2 56. Kd3 Bb1+ 57. Ke3 Bc2 58. Kf3 Bd1+ 59. Kg3 Bh5
60. f5 gxf5 61. Kf4 Bg6 62. Nh3 Kd7 63. Kg5 Bf7 64. Nf4 Bg8 65. Kxf5 Bh7+ 66.
Kf6 Bg8 67. e6+ Kd6 68. h5 Bh7 69. Kf7 Bf5 70. e7 Bd7 71. e8=Q Bxe8+ 72. Kxe8
1-0

[Event "DVM U14w 2010"]
[Site "Templin OT Groß Dölln GER"]
[Date "2010.12.29"]
[Round "5"]
[White "Schrötter, Luisa"]
[Black "Michalowski, Sophia"]
[Result "1-0"]
[Termination "normal"]
[Board "8.3"]
[WhiteElo "1132"]
[BlackElo "997"]
[WhiteTeam "SAV Torgelow"]
[BlackTeam "SC Uttenreuth"]
[PlyCount "127"]
[BlackFideId "12902454"]
[EventCountry "GER"]
[EventRounds "7"]
[EventType "team-swiss"]
[EventDate "2010.12.26"]

1. e4 d5 2. exd5 Qxd5 3. Nc3 Qa5 4. d4 Nf6 5. Bc4 Bf5 6. Bd2 c6 7. Nf3 Qd8 8.
O-O e6 9. Be3 Nbd7 10. Qd2 Nd5 11. Nxd5 cxd5 12. Bb3 Rc8 13. c3 Bd6 14. Bf4 Nf6
15. Ba4+ Ke7 16. Bxd6+ Qxd6 17. Ne5 Ng4 18. Nxg4 Rhd8 19. Rfe1 Kf8 20. Ne5 Qe7
21. Bc2 Bxc2 22. Qxc2 Qg5 23. Nf3 Qh6 24. Qd2 Qg6 25. Rac1 Kg8 26. Qg5 Qd3 27.
Qe3 Qb5 28. Rb1 Qa5 29. a3 Rc4 30. Qd3 Rdc8 31. Ng5 g6 32. Qh3 h5 33. g4 Qd8
34. Nf3 hxg4 35. Qxg4 Qf6 36. Qg3 a5 37. Nd2 R4c6 38. Kh1 Re8 39. f3 Rc7 40.
Qxc7 Kg7 41. Qg3 Rh8 42. f4 Rh5 43. Rg1 b6 44. Qg4 Rf5 45. Rbf1 g5 46. fxg5 Qg6
47. Rxf5 exf5 48. Qf4 Qe6 49. Qe5+ Kg6 50. Qxe6+ fxe6 51. Nf3 b5 52. b3 a4 53.
bxa4 bxa4 54. h4 Kg7 55. g6 f4 56. h5 Kh8 57. g7+ Kg8 58. h6 Kf7 59. g8=Q+ Ke7
60. Ng5 Kd6 61. Qxe6+ Kc7 62. Nh3 f3 63. Rg7+ Kd8 64. Qg8# 1-0

[Event "DVM U14w 2010"]
[Site "Templin OT Groß Dölln GER"]
[Date "2010.12.29"]
[Round "5"]
[White "Meyer, Franziska"]
[Black "Rais, Vanessa"]
[Result "1/2-1/2"]
[Termination "normal"]
[Board "8.4"]
[WhiteElo "849"]
[BlackElo "881"]
[WhiteTeam "SC Uttenreuth"]
[BlackTeam "SAV Torgelow"]
[PlyCount "106"]
[WhiteFideId "12929530"]
[EventCountry "GER"]
[EventRounds "7"]
[EventType "team-swiss"]
[EventDate "2010.12.26"]

1. d4 d5 2. e3 e6 3. Bd3 Nf6 4. f4 Nbd7 5. Nf3 Bd6 6. Nbd2 O-O 7. c3 c5 8. Ne5
c4 9. Bc2 Qc7 10. Ndf3 b5 11. b4 Ne4 12. Bb2 a5 13. a3 axb4 14. axb4 Bb7 15.
O-O Ra6 16. Ng5 Nxg5 17. fxg5 Nxe5 18. dxe5 Bxe5 19. Qh5 g6 20. Qh6 Bg7 21. Qh4
Qb6 22. Rf3 {[%emt 0:00:00]} Rxa1+ 23. Bxa1 Ra8 24. Qe1 Qa7 25. Rf1 e5 26. h3
d4 27. exd4 exd4 28. cxd4 Bxd4+ 29. Bxd4 Qxd4+ 30. Qf2 Qxf2+ 31. Rxf2 c3 32.
Kf1 Re8 33. Re2 Bxg2+ 34. Rxg2 f5 35. Rg3 Rc8 36. Ke2 h5 37. Kd3 f4 38. Rf3 Kf7
39. Kd4 Rc4+ 40. Kd5 Rxb4 41. Rxc3 Rb2 42. Bd3 b4 43. Rc7+ Ke8 44. Rb7 f3 45.
Kc4 f2 46. Rxb4 Rd2 47. Rb1 Ke7 48. Kd4 Ke6 49. Ke3 Ra2 50. Rf1 Ra5 51. Rxf2
Rxg5 52. h4 Rg1 53. Rf8 Ke7 1/2-1/2

[Event "DVM U14w 2010"]
[Site "Templin OT Groß Dölln GER"]
[Date "2010.12.29"]
[Round "5"]
[White "Berkes, Katharina"]
[Black "Müller, Sophie"]
[Result "0-1"]
[Termination "normal"]
[Board "9.1"]
[WhiteElo "862"]
[BlackElo "1283"]
[WhiteTeam "SK Langen"]
[BlackTeam "SV 1932 Homburg-Erbach"]
[PlyCount "80"]
[WhiteFideId "12929719"]
[BlackFideId "12926698"]
[EventCountry "GER"]
[EventRounds "7"]
[EventType "team-swiss"]
[EventDate "2010.12.26"]

1. e4 c6 2. d3 d5 3. exd5 cxd5 4. Nf3 Bf5 5. Be2 e6 6. d4 Nf6 7. Bf4 Be7 8. Nc3
O-O 9. O-O Nc6 10. Bd3 Bxd3 11. Qxd3 Qb6 12. Rab1 Rac8 13. Nd2 Nb4 14. Qg3 Nh5
15. Qg4 Nxf4 16. Qxf4 Nxc2 17. Nf3 Nb4 18. Ne5 Bd6 19. Qe3 Bxe5 20. Qxe5 Nc6
21. Qf4 Qxd4 22. Qf3 Qb6 23. Rfe1 Rfe8 24. Qf4 Rcd8 25. Re3 d4 26. Na4 Qa5 27.
b4 Qxa4 28. Re2 Nxb4 29. Qd2 Nc6 30. Kf1 b6 31. g3 e5 32. f3 f5 33. Kf2 e4 34.
Kg2 e3 35. Qd3 g6 36. Rb3 Nb4 37. Qc4+ Kh8 38. Rbb2 a5 39. Qf7 d3 40. Qf6+ Kg8
0-1

[Event "DVM U14w 2010"]
[Site "Templin OT Groß Dölln GER"]
[Date "2010.12.29"]
[Round "5"]
[White "Boussonville, Anna"]
[Black "Reinecke, Katharina"]
[Result "1/2-1/2"]
[Termination "normal"]
[Board "9.2"]
[WhiteElo "1023"]
[BlackElo "860"]
[WhiteTeam "SV 1932 Homburg-Erbach"]
[BlackTeam "SK Langen"]
[PlyCount "43"]
[WhiteFideId "12929689"]
[BlackFideId "12929727"]
[EventCountry "GER"]
[EventRounds "7"]
[EventType "team-swiss"]
[EventDate "2010.12.26"]

1. e4 e5 2. Nf3 Nc6 3. Bc4 Bc5 4. O-O d6 5. h3 Nf6 6. Nc3 O-O 7. d3 h6 8. a3
Be6 9. Nh4 Bxc4 10. dxc4 Nd4 11. Nf5 Nxf5 12. exf5 Qd7 13. Qf3 Rac8 14. Qg3 Kh8
15. Qf3 c6 16. Ne4 Nxe4 17. Qxe4 d5 18. cxd5 cxd5 19. Qxe5 Rfe8 20. Qf4 Re4 21.
Qf3 f6 22. Bd2 1/2-1/2

[Event "DVM U14w 2010"]
[Site "Templin OT Groß Dölln GER"]
[Date "2010.12.29"]
[Round "5"]
[White "Kolchugina, Lada"]
[Black "Friedel, Laura"]
[Result "1-0"]
[Termination "normal"]
[Board "9.3"]
[WhiteElo "749"]
[BlackElo "747"]
[WhiteTeam "SK Langen"]
[BlackTeam "SV 1932 Homburg-Erbach"]
[PlyCount "151"]
[WhiteFideId "12929743"]
[EventCountry "GER"]
[EventRounds "7"]
[EventType "team-swiss"]
[EventDate "2010.12.26"]

1. e4 e5 2. Nf3 Nc6 3. Bb5 Bc5 4. d3 Nf6 5. O-O O-O 6. Ne1 d6 7. Be3 Ng4 8.
Bxc5 dxc5 9. Nc3 Qh4 10. Nf3 Qh5 11. Rc1 Nd4 12. Re1 Nxf3+ 13. Qxf3 Qxh2+ 14.
Kf1 Qh1+ 15. Ke2 Qh4 16. g3 Qh3 17. Rh1 Nh2 18. Qe3 Bg4+ 19. Kd2 Qg2 20. Ne2
Nf3+ 21. Kc3 a6 22. Rhg1 Qh3 23. Rh1 Nh2 24. Ng1 Qh5 25. Qxc5 b6 26. Qxc7 axb5
27. f3 Be6 28. Qxb6 Rxa2 29. Qxb5 Rc8+ 30. Kd2 Qg5+ 31. Kd1 Qxg3 32. Ne2 Qxf3
33. Rxh2 Bg4 34. Kd2 Rca8 35. c3 R2a5 36. Qc6 Rd8 37. Ke1 Ra2 38. Rc2 Ra1+ 39.
Rc1 Ra2 40. Rf2 Qh1+ 41. Rf1 Qh4+ 42. Rf2 Qh3 43. Qc4 Rf8 44. Qxa2 Qxd3 45. Qa4
Rd8 46. Qc2 Qh3 47. Ra1 Qh1+ 48. Rf1 Qh2 49. c4 Bh3 50. Rg1 h6 51. b3 Bg4 52.
Rxg4 Qh1+ 53. Rg1 Qh4+ 54. Kf1 Qh3+ 55. Ke1 Qh4+ 56. Rg3 Qh1+ 57. Rg1 Qh4+ 58.
Kf1 Qh3+ 59. Rg2 Qf3+ 60. Kg1 Qe3+ 61. Kh2 Rd6 62. Qc3 Qb6 63. c5 Qc6 64. cxd6
Qxd6 65. b4 Qf6 66. Kg1 Qb6+ 67. Kh1 Qf6 68. b5 Qh4+ 69. Kg1 Qxe4 70. b6 Qd5
71. Rb1 Qd8 72. b7 Qb8 73. Qc8+ Qxc8 74. bxc8=Q+ Kh7 75. Qf5+ Kg8 76. Rb8# 1-0

[Event "DVM U14w 2010"]
[Site "Templin OT Groß Dölln GER"]
[Date "2010.12.29"]
[Round "5"]
[White "Haas, Vanessa"]
[Black "Rupp, Nicole"]
[Result "1/2-1/2"]
[Termination "normal"]
[Board "9.4"]
[WhiteElo "812"]
[BlackElo "790"]
[WhiteTeam "SV 1932 Homburg-Erbach"]
[BlackTeam "SK Langen"]
[PlyCount "51"]
[WhiteFideId "12929700"]
[BlackFideId "12929670"]
[EventCountry "GER"]
[EventRounds "7"]
[EventType "team-swiss"]
[EventDate "2010.12.26"]

1. d4 {[%emt 0:00:00]} d5 {[%emt 0:00:00]} 2. Bf4 Bf5 3. e3 c6 4. Bd3 Bxd3 5.
Qxd3 e6 6. Nf3 f5 7. h3 Nf6 8. O-O Ne4 9. c3 Nd7 10. Nbd2 Be7 11. Bg3 O-O 12.
Rab1 Qe8 13. Nh4 Qh5 14. Ndf3 g5 15. Qe2 gxh4 16. Bf4 Rf7 17. Rfe1 Rg7 18. Ne5
Qe8 19. Bh6 Nxe5 20. Bxg7 Kxg7 21. dxe5 Qg6 22. f4 Rg8 23. Rbc1 Ng3 24. Qf3 Qh5
25. Qxh5 Nxh5 26. e4 1/2-1/2

[Event "DVM U14w 2010"]
[Site "Templin OT Groß Dölln GER"]
[Date "2010.12.29"]
[Round "6"]
[White "Hartewig, Anja"]
[Black "Polert, Annika"]
[Result "0-1"]
[Termination "normal"]
[Board "1.1"]
[WhiteElo "1404"]
[BlackElo "1703"]
[WhiteTeam "Chemnitzer SC Aufbau`95"]
[BlackTeam "TuRa Harksheide"]
[PlyCount "88"]
[WhiteFideId "12917966"]
[BlackFideId "24692328"]
[EventCountry "GER"]
[EventRounds "7"]
[EventType "team-swiss"]
[EventDate "2010.12.26"]

1. d4 Nf6 2. c4 c5 3. d5 b5 4. b3 Qb6 5. Nc3 b4 6. Na4 Qc7 7. f3 g6 8. e4 Bg7
9. Bb2 O-O 10. Bd3 d6 11. a3 a5 12. axb4 axb4 13. Ne2 Bd7 14. O-O Ra7 15. Qc2
Bxa4 16. Rxa4 Rxa4 17. bxa4 Nbd7 18. Ra1 Ra8 19. Qb3 Qa5 20. Nc1 Nb6 21. Bc2
Nfd7 22. Bxg7 Kxg7 23. Nd3 Qa6 24. Nb2 Ne5 25. a5 Nexc4 26. Bd3 Nxa5 27. Bxa6
Nxb3 28. Ra2 Nd7 29. Ra4 Nb8 30. Bc4 Rxa4 31. Nxa4 Nd4 32. Nb2 Nd7 33. Kf2 Ne5
34. Ba2 g5 35. h3 b3 36. Bb1 c4 37. Nd1 Nb5 38. Ke2 c3 39. Ke3 c2 40. Bxc2 bxc2
41. Kd2 cxd1=Q+ 42. Kxd1 h5 43. Ke2 Kg6 44. Kf2 f5 0-1

[Event "DVM U14w 2010"]
[Site "Templin OT Groß Dölln GER"]
[Date "2010.12.29"]
[Round "6"]
[White "Diederichs, Luise"]
[Black "Nitzsche, Pia"]
[Result "1-0"]
[Termination "normal"]
[Board "1.2"]
[WhiteElo "1714"]
[BlackElo "1522"]
[WhiteTeam "TuRa Harksheide"]
[BlackTeam "Chemnitzer SC Aufbau`95"]
[PlyCount "81"]
[WhiteFideId "24661597"]
[BlackFideId "12900370"]
[EventCountry "GER"]
[EventRounds "7"]
[EventType "team-swiss"]
[EventDate "2010.12.26"]

1. c4 c5 2. Nc3 Nc6 3. e4 Nf6 4. g3 g6 5. Bg2 Bg7 6. Nge2 O-O 7. d3 d6 8. h3
Rb8 9. O-O Bd7 10. f4 Qc8 11. Kh2 a6 12. a4 Ne8 13. Rb1 Nc7 14. b3 b5 15. Bd2
Nb4 16. Be3 Ne6 17. axb5 axb5 18. Nd5 Nxd5 19. exd5 Nc7 20. Qd2 Na6 21. Rfc1
Qb7 22. Qd1 Rbc8 23. g4 Nb4 24. Qd2 Na6 25. d4 Rc7 26. dxc5 Nxc5 27. b4 Na6 28.
c5 Qb8 29. c6 Be8 30. Bd4 Bxd4 31. Nxd4 Qb6 32. Qd3 Qb8 33. Qxb5 Qxb5 34. Nxb5
Rc8 35. Nd4 Rc7 36. b5 Nc5 37. b6 Rc8 38. b7 Nxb7 39. cxb7 Rb8 40. Nc6 Bxc6 41.
dxc6 1-0

[Event "DVM U14w 2010"]
[Site "Templin OT Groß Dölln GER"]
[Date "2010.12.29"]
[Round "6"]
[White "Kempe, Anne"]
[Black "Zimmermann, Jasmin"]
[Result "1-0"]
[Termination "normal"]
[Board "1.3"]
[WhiteElo "1391"]
[BlackElo "1534"]
[WhiteTeam "Chemnitzer SC Aufbau`95"]
[BlackTeam "TuRa Harksheide"]
[PlyCount "63"]
[WhiteFideId "12918083"]
[BlackFideId "12900400"]
[EventCountry "GER"]
[EventRounds "7"]
[EventType "team-swiss"]
[EventDate "2010.12.26"]

1. e4 Nf6 2. Nc3 d5 3. exd5 Nxd5 4. Nxd5 Qxd5 5. Nf3 Nd7 6. d4 Nf6 7. Be2 Bf5
8. O-O g6 9. Re1 Bg7 10. h3 O-O 11. Bd3 Bxd3 12. Qxd3 e6 13. Bf4 Qd7 14. Ne5
Qe7 15. Bg5 Rad8 16. c3 c5 17. Ng4 cxd4 18. Qf3 Rc8 19. Nxf6+ Bxf6 20. Bxf6 Qd6
21. Bxd4 f5 22. Qxb7 Rc7 23. Qf3 Rcc8 24. Rad1 Qa6 25. Qe3 Qb7 26. Qxe6+ Qf7
27. Qxf7+ Rxf7 28. Re2 h5 29. Rde1 Kh7 30. Re7 Rxe7 31. Rxe7+ Kh6 32. Rxa7 1-0

[Event "DVM U14w 2010"]
[Site "Templin OT Groß Dölln GER"]
[Date "2010.12.29"]
[Round "6"]
[White "Köhler, Inken"]
[Black "Nobis, Anna"]
[Result "0-1"]
[Termination "normal"]
[Board "1.4"]
[WhiteElo "1130"]
[BlackElo "1397"]
[WhiteTeam "TuRa Harksheide"]
[BlackTeam "Chemnitzer SC Aufbau`95"]
[PlyCount "108"]
[WhiteFideId "12929301"]
[BlackFideId "1270302"]
[EventCountry "GER"]
[EventRounds "7"]
[EventType "team-swiss"]
[EventDate "2010.12.26"]

1. e4 c5 2. Nf3 Nc6 3. d4 cxd4 4. Nxd4 Nf6 5. Nc3 d6 6. Bb5 Bd7 7. O-O e6 8.
Re1 Be7 9. Bxc6 bxc6 10. e5 dxe5 11. Rxe5 Qc7 12. Re3 O-O 13. Rg3 Bd6 14. f4
Bxf4 15. Bxf4 Qxf4 16. Qd3 Qc7 17. Qe3 Nh5 18. Rg4 e5 19. Rg5 exd4 20. Qxd4 g6
21. Rc5 Nf4 22. Nd5 Ne2+ 23. Kf2 Nxd4 24. Nxc7 Rab8 25. Rd1 Ne6 26. Nxe6 Bxe6
27. Rxc6 Rxb2 28. a3 Bf5 29. Rc1 Rd8 30. Ke2 Be4 31. Rc4 Bxg2 32. Rg4 Re8+ 33.
Kf2 Be4 34. Kg3 Bxc2 35. h4 Bf5 36. Rg5 h6 37. Rxf5 gxf5 38. Rf1 Re3+ 39. Kf4
Rxa3 40. Rd1 Rb4+ 41. Ke5 Ra5+ 42. Rd5 Rxd5+ 43. Kxd5 Kf8 44. h5 a5 45. Kc5 Rb1
46. Kd5 a4 47. Ke5 a3 48. Kxf5 a2 49. Kg4 a1=Q 50. Kf4 Qa4+ 51. Ke5 Rb5+ 52.
Kd6 Qa6+ 53. Kc7 Rb7+ 54. Kc8 Qa8# 0-1

[Event "DVM U14w 2010"]
[Site "Templin OT Groß Dölln GER"]
[Date "2010.12.29"]
[Round "6"]
[White "Manusina, Nicole"]
[Black "Sieber, Fiona"]
[Result "1/2-1/2"]
[Termination "normal"]
[Board "2.1"]
[WhiteElo "1751"]
[BlackElo "1663"]
[WhiteTeam "SG Oesede-Georgsmarienhütte"]
[BlackTeam "SG Burgtonna"]
[PlyCount "69"]
[WhiteFideId "24657514"]
[BlackFideId "12902373"]
[EventCountry "GER"]
[EventRounds "7"]
[EventType "team-swiss"]
[EventDate "2010.12.26"]

1. d4 {[%emt 0:00:00]} Nf6 2. c4 e6 3. Nc3 Bb4 4. Bg5 d5 5. e3 O-O 6. Nf3 b6 7.
Bd3 Bb7 8. O-O Bxc3 9. bxc3 Nbd7 10. cxd5 exd5 11. Qc2 Qe8 12. Bf4 Rc8 13. Bf5
h6 14. Qa4 a5 15. Qc2 Qe7 16. Ne5 c6 17. Rfb1 Ba6 18. a4 Nxe5 19. dxe5 Nd7 20.
Bxd7 Qxd7 21. Rxb6 Bc4 22. Rab1 Qe6 23. Qb2 Bd3 24. Rd1 Bc4 25. Qa3 Ra8 26. Qc5
Rfc8 27. Rdb1 Bd3 28. R1b2 g5 29. Bg3 Qg4 30. h3 Qxa4 31. Qe7 Qe4 32. Rb7 Qg6
33. Qd6 Rd8 34. Qc5 Bb5 35. Ra7 1/2-1/2

[Event "DVM U14w 2010"]
[Site "Templin OT Groß Dölln GER"]
[Date "2010.12.29"]
[Round "6"]
[White "Gast, Antonia"]
[Black "Böhm, Jana"]
[Result "0-1"]
[Termination "normal"]
[Board "2.2"]
[WhiteElo "1381"]
[BlackElo "1442"]
[WhiteTeam "SG Burgtonna"]
[BlackTeam "SG Oesede-Georgsmarienhütte"]
[PlyCount "62"]
[WhiteFideId "12929336"]
[BlackFideId "24661589"]
[EventCountry "GER"]
[EventRounds "7"]
[EventType "team-swiss"]
[EventDate "2010.12.26"]

1. c4 Nf6 2. Nc3 g6 3. e4 d6 4. g3 Bg7 5. Bg2 c5 6. Nge2 O-O 7. d3 Nc6 8. O-O
Bd7 9. h3 Ne8 10. f4 f5 11. Rb1 Qc8 12. Kh2 Nf6 13. Be3 fxe4 14. dxe4 a6 15.
Qd2 Qb8 16. a3 b5 17. cxb5 axb5 18. Nd5 e6 19. Nxf6+ Bxf6 20. e5 Be7 21. Bxc5
d5 22. Bxe7 Nxe7 23. Nd4 Qb6 24. Qb4 Nf5 25. Nxf5 gxf5 26. Rfd1 Ra4 27. Qd2 Rc8
28. Rbc1 Rac4 29. Rxc4 bxc4 30. Qd4 Qb3 31. Qc3 Qxd1 0-1